Statistiken für Länder, die Antigua und Barbuda am nächsten liegen - Ein-Minute-Sprint

Klicken Sie hier um das Quiz zu spielen!

Allgemein

  • Dieses Quiz wurde 19 mal gespielt
  • Das Durchschnittsergebnis liegt bei 13 aus 20

Antwortstatistiken

kmLand% Korrekt
944Haiti
100%
154Dominica
94%
500Grenada
94%
467Barbados
88%
688Dominikanische
Republik
88%
1317Kuba
88%
409St Vincent und
die Grenadinen
88%
333St Lucia
81%
1414Jamaika
75%
68St Kitts und Nevis
75%
642Trinidad und Tobago
75%
1230Bahamas
56%
1318Brasilien
44%
966Guyana
44%
1134Kolumbien
44%
1338Suriname
44%
696Venezuela
44%
923Curaçao
25%
998Aruba
19%
126Sint Maarten
19%

Verteilung der Resultate

Perzentil nach korrekt beantworteten Fragen

Anzahl Personen mit jedem Resultat

Ihre Resultats-Entwicklung

Sie haben dieses Quiz noch nicht gespielt